000 00328nam a22001217a 4500
008 230620b xxu||||| |||| 00| 0 eng d
082 _a320.3
_bBEB 1990
110 _bLynne Rienner Publishers
245 _aContemporary Political Systems
260 _aUSA
_bLynne Rienner Publishers
_c1990
300 _aVIII,384p
942 _2ddc
_cBK
999 _c1591
_d1591